Statistics for Capitals of the Countries that Start with G

Click here to take the quiz!

General Stats

  • This quiz has been taken 34 times
  • The average score is 10 of 11

Answer Stats

Country Capital % Correct
GermanyBerlin
100%
GreeceAthens
100%
GuyanaGeorgetown
100%
GuatemalaGuatemala City
97%
GhanaAccra
94%
Guinea-BissauBissau
91%
GeorgiaTbilisi
88%
GuineaConakry
81%
GabonLibreville
78%
GambiaBanjul
75%
GrenadaSaint George's
69%

Score Distribution

Percentile by Number Answered

Percent of People with Each Score

Your Score History

You have not taken this quiz